000 00506nam a22001577a 4500
020 _qHard cover.
082 _a004
100 _aIshtiaq, Munazza
245 _aSentiment analysis of twitter data using sentiment influencers /
_cMunazza Ishtiaq
260 _aIslamabad :
_bCEME - NUST,
_c2015.
300 _av, 62 p. : ill. ;
_c30cm.
650 _aSoftware Engineering-MS-Thesis
_916149
700 _aDr. Usman Qamar.
_918579
942 _2ddc
_cTHE
999 _c540653
_d540653